000 01819nam0a2200349 4500
001 RU\NLR\bibl\582189
005 20260408183832.0
010 _a3-930775-66-2
035 _a(NLR Aleph) 000574185
090 _a1611558
_c1611558
100 _a20041209d2004 |||y0rusy50 ca
101 0 _arus
_aeng
102 _aRU
105 _aa |||||||||
200 1 _aСтас Блинов
_dStas Blinov
_eИл. к эпосу Шота Руставели "Витязь в тигровой шкуре"
_e[Альбом
_fАвт. вступ. ст. Е.Ф. Кофтун]
_zeng
210 _aСПб.
_cБ. и.
_d[2004]
215 _a71, [1] с.
_cцв. ил.
_d28
300 _aТекст парал. на рус. и англ.яз.
510 1 _6z17790
_aStas Blinov
_zeng
604 _1700#1$aРуставели$bШ.$f12 в.$gШота$4070
_150010$aВитязь в тигровой шкуре$2psbo
_aРуставели, Шота (12 в.)
_tВитязь в тигровой шкуре
604 _1200#1$aБлинов$bС.$gСтас$f1946
_12351#$aКнижные иллюстрации
_aБлинов, Стас (1946)
_tКнижные иллюстрации
_jАльбомы
_3RU\NLR\AUTH\661411286
_92363683
604 _1200#1$aРуставели$bШ.$gШота$f12 в.
_1230##$a"Витязь в тигровой шкуре"$xИллюстраци
_aРуставели, Шота (12 в.)
_t"Витязь в тигровой шкуре"
_xИллюстрации
_3RU\NLR\AUTH\661069366
_91729684
686 _aЩ153(2Р=Рус)7-8Блинов
686 _aШ5(2=Гр)4-4Руставелия6
700 1 _aБлинов
_bС.
_f1946-
_gСтас
_4070
790 1 _6z17510
_aBlinov
_bS.
_f1946-
_gStas
_4070
801 0 _aRU
_bNLR
_c20041209
_gPSBO
801 1 _aRU
_bNLR
_c20041209
942 _cBOOK
980 _aNB